00383nam a2200169Ia 4500003000400000005001700004008004100021020001500062040000700077041000800084082001600092100001800108245002600126260003400152300001400186365001300200OSt20230504104552.0210423s2004 xx 000 0 und d a8180300587 cAL aeng a581.02 GRER aGREWAL (R C). aQuestion bank botany. aNew DelhibCampus Booksc2004 av,233bPB b325cINR